| 000 | 00000nam##2200000za#4500 |
| 001 | 9.520406 |
| 003 | CaOODSP |
| 005 | 20200327031620 |
| 007 | ta |
| 008 | 150406|1992||||xxc||||| f|0| 0 eng|d |
| 020 | |a0-660-57414-4 |
| 022 | |a0706-148X |
| 040 | |aCaOODSP|beng |
| 041 | |aeng |
| 041 | |afre |
| 043 | |an-cn--- |
| 086 | 1 |aS52-2/213-1992 |
| 110 | 1 |aCanada.|bSecretary of State of Canada. |bTranslation Bureau. |
| 245 | 10|aSpace station glossary |
| 260 | |aOttawa - Ontario : |bSecretary of State of Canada. |c1992. |
| 300 | |a127p. : |c22 cm. |
| 490 | 1 |aTerminology bulletin |x0706-148X|v213 |
| 504 | |aBibliography. |
| 520 | 3 |aTerminology Bulletin 213. This glossary is the product of research work produced by a committee of terminologists and specialist translators from the Department of the Secretary of State of Canada, Spar Aerospace Limited and the Canadian Space Agency. It contains about 900 scientific and technical terms. The terminology used to describe the space station and its outer-space missions relates to a wide range of modern disciplines and sciences, from aerodynamics to the composition of materials, including such fields as informatics, electronics, thermodynamics, wave propagation and even medicine. The terminology associated with the space station per se, in particular with its physical components, space laboratories and the experiments to be conducted in them, as well as with the robot arm, its various modules and systems. Also included in this publication are the official designations of Canadian, European and NASA experiments and programs. |
| 546 | |aBilingual |
| 563 | |aSoftcover |
| 590 | |a92-34|b1992-08-21 |
| 690 | 07|aSpace station|2gcpds |
| 690 | 07|aTerminology|2gcpds |
| 776 | 0#|tLexique de la station spatial |w(CaOODSP)9.590522 |
| 792 | |tLexique de la station spatiale |efre|w(CaOODSP)9.520407 |
| 830 | #0|aTerminology bulletin,|x0706-148X|v213|w(CaOODSP)9.509598 |